00653nam a2200169Ia 450000500170000000800410001702000150005808200130007310000130008624500730009926000440017230000190021650001300023594200060036595200970037199900150046820241218013539.0240331s9999 xx 000 0 und d a0198183399 bSETa891 aSethi, R 0aMyths of the nation :bnational identity and literary representation aNew YorkbOxford University Pressc1999 aviii, 221 p ., aMyths of the Nation Focuses on the Construction of Forms of Historical Consciousness in Narratives, or schools of Narrative. cL 001040708LaWERCLbWERCLcSSCd2024-03-31l0o 891.1 SETp4101r2024-03-31w2024-03-31yL c3380d3380